000 00638nam a2200205 i 4500
001 bgj
100 1 _aABE, Kobo
_d(1924- ).
245 1 3 _aThe Ark Sakura /
_cKobo Abe ; translated by Juliet Winters Carpenter.
260 _aNew York :
_bAlfred A. Knopf,
_c1988.
300 _a333, [3] pp ;
_c23 cm.
500 _aTranslation of: Hakobune Sakura Maru.
650 9 _aJapanese fiction
_y20th century
700 1 _aCARPENTER, Juliet Winters.
_etransl.
020 _a0394558367 (hbk, jacket)
040 _cBPK
041 1 _aeng
_hjep
920 _a0-394-55836-7 (hbk, jacket)
942 _cKS
008 s uk f |000 0 eng
999 _c47262
_d47262
856 _uhttp://koha.tu.koszalin.pl/cgi-bin/koha/opac-detail.pl?biblionumber=47262
_yKatalog online BPK